100 essential modern poems / (Record no. 763)

MARC details
000 -LEADER
fixed length control field 00848cam a22002774a 4500
005 - DATE AND TIME OF LATEST TRANSACTION
control field 20260322212033.0
008 - FIXED-LENGTH DATA ELEMENTS--GENERAL INFORMATION
fixed length control field data
010 ## - LIBRARY OF CONGRESS CONTROL NUMBER
LC control number 2005009897
020 ## - INTERNATIONAL STANDARD BOOK NUMBER
International Standard Book Number 1566636124 (cloth : acidfree paper)
020 ## - INTERNATIONAL STANDARD BOOK NUMBER
International Standard Book Number 978-1566636124 (cloth : acid-free paper)
040 ## - CATALOGING SOURCE
Original cataloging agency DLC
Transcribing agency DLC
Modifying agency DLC
042 ## - AUTHENTICATION CODE
Authentication code pcc
050 00 - LIBRARY OF CONGRESS CALL NUMBER
Classification number PR1225
Item number .A14 2005
082 00 - DEWEY DECIMAL CLASSIFICATION NUMBER
Classification number 821/.9108
Edition information 22
092 ## - LOCALLY ASSIGNED DEWEY CALL NUMBER (OCLC)
Classification number 821 A14 2005
001 - CONTROL NUMBER
control field data
245 10 - TITLE STATEMENT
Title 100 essential modern poems /
Statement of responsibility, etc. Joseph Parisi.
246 3# - VARYING FORM OF TITLE
Title proper/short title One hundred essential modern poems
260 ## - PUBLICATION, DISTRIBUTION, ETC.
Place of publication, distribution, etc. Chicago :
Name of publisher, distributor, etc. Ivan R. Dee,
Date of publication, distribution, etc. 2005.
300 ## - PHYSICAL DESCRIPTION
Extent xiv, 305 p. ;
Dimensions 23 cm.
500 ## - GENERAL NOTE
General note Includes indexes.
650 #0 - SUBJECT ADDED ENTRY--TOPICAL TERM
Topical term or geographic name entry element English poetry
Chronological subdivision 20th century.
650 #0 - SUBJECT ADDED ENTRY--TOPICAL TERM
Topical term or geographic name entry element American poetry
Chronological subdivision 20th century.
700 1# - ADDED ENTRY--PERSONAL NAME
Personal name Parisi, Joseph,
Dates associated with a name 1944-
856 41 - ELECTRONIC LOCATION AND ACCESS
Materials specified Table of contents
Uniform Resource Identifier <a href="http://www.loc.gov/catdir/toc/ecip0510/2005009897.html">http://www.loc.gov/catdir/toc/ecip0510/2005009897.html</a>
Holdings
Withdrawn status Lost status Damaged status Not for loan Home library Current library Shelving location Date acquired Total checkouts Full call number Barcode Date last seen Price effective from Koha item type
        Franklin Franklin General stacks 22/03/2026   821/.9108 22 BC0010783 22/03/2026 22/03/2026 Books